[Event "Hilversum op"]
[Site "Hilversum"]
[Date "2022.06.18"]
[Round "3"]
[White "In't Veld, Daan"]
[Black "Pijpers, Arthur"]
[Result "1/2-1/2"]
[WhiteElo "2125"]
[BlackElo "2455"]
[PlyCount "46"]
[EventDate "2022.06.17"]
[EventType "swiss"]
[EventRounds "6"]
[EventCountry "NED"]
[SourceTitle "CBM 208 Extra"]
[Source "ChessBase"]
[SourceDate "2022.07.31"]
[SourceVersion "1"]
[SourceVersionDate "2022.07.31"]
[SourceQuality "1"]

1. e4 c5 2. c3 Nf6 3. e5 Nd5 4. d4 cxd4 5. Nf3 Nc6 6. Bc4 Nb6 7. Bb3 d5 8. exd6 Qxd6 9. 0-0 Be6 10. Na3 dxc3 11. Nb5 Qxd1 12. Rxd1 Rc8 13. Bxe6 c2 14. Rd2 fxe6 15. Rxc2 a6 16. Nbd4 Nxd4 17. Rxc8+ Nxc8 18. Nxd4 e5 19. Ne6 Nd6 20. Bd2 Kf7 21. Nd8+ Ke8 22. Ne6 Kf7 23. Nd8+ Ke8 1/2-1/2

[Event "Vlissingen HZ op 20th"]
[Site "Vlissingen"]
[Date "2016.08.10"]
[Round "6"]
[White "In't Veld, Daan"]
[Black "Ackermann, Frank"]
[Result "1-0"]
[WhiteElo "2212"]
[BlackElo "2018"]
[PlyCount "55"]
[EventDate "2016.08.06"]
[EventType "swiss"]
[EventRounds "9"]
[EventCountry "NED"]
[SourceTitle "CBM 173 Extra"]
[Source "ChessBase"]
[SourceDate "2016.08.29"]
[SourceVersion "1"]
[SourceVersionDate "2016.08.29"]
[SourceQuality "1"]

1. e4 c5 2. c3 d5 3. exd5 Qxd5 4. d4 Nc6 5. Nf3 Bg4 6. Be2 cxd4 7. cxd4 e6 8. Nc3 Qa5 9. d5 exd5 10. Nd4 Bd7 11. 0-0 Nf6 12. Re1 Be7 13. Bf1 Kf8 14. Nb3 Qd8 15. Bf4 Be6 16. Nb5 Rc8 17. h3 Qd7 18. Rc1 a6 19. N5d4 Nd8 20. Qd3 Rxc1 21. Rxc1 Bd6 22. Nc5 Qe7 23. Bxd6 Qxd6 24. Qb3 Qe7 25. Qb6 Nd7 26. Ndxe6+ fxe6 27. Nxd7+ Qxd7 28. Rc7 1-0

[Event "Amsterdam Science Park op-A"]
[Site "Amsterdam"]
[Date "2015.07.16"]
[Round "6"]
[White "Wiersma, Eelke"]
[Black "In't Veld, Daan"]
[Result "1-0"]
[WhiteElo "2361"]
[BlackElo "2194"]
[PlyCount "47"]
[EventDate "2015.07.11"]
[EventType "swiss"]
[EventRounds "9"]
[EventCountry "NED"]
[SourceTitle "CBM 167 Extra"]
[Source "ChessBase"]
[SourceDate "2015.09.14"]
[SourceVersion "1"]
[SourceVersionDate "2015.09.14"]
[SourceQuality "1"]

1. d4 f5 2. g3 Nf6 3. Bg2 g6 4. Nh3 Nc6 5. c4 Bg7 6. Nc3 d6 7. d5 Ne5 8. 0-0 0-0 9. b3 Ne4 10. Nxe4 fxe4 11. Rb1 Bf5 12. Ng5 Nf3+ 13. exf3 exf3 14. Bxf3 Bxb1 15. Ne6 Qd7 16. Nxg7 e5 17. dxe6 Qxg7 18. Bxb7 Bf5 19. e7 Qxe7 20. Bxa8 Rxa8 21. Qd5+ Kg7 22. Qxa8 Be4 23. Qxa7 Bd3 24. Qd4+ 1-0

[Event "Amsterdam Science Park op-A"]
[Site "Amsterdam"]
[Date "2015.07.13"]
[Round "3"]
[White "In't Veld, Daan"]
[Black "Kohler, Aran"]
[Result "1-0"]
[WhiteElo "2194"]
[BlackElo "2226"]
[PlyCount "77"]
[EventDate "2015.07.11"]
[EventType "swiss"]
[EventRounds "9"]
[EventCountry "NED"]
[SourceTitle "CBM 167 Extra"]
[Source "ChessBase"]
[SourceDate "2015.09.14"]
[SourceVersion "1"]
[SourceVersionDate "2015.09.14"]
[SourceQuality "1"]

1. e4 c5 2. c3 e6 3. d4 a6 4. Nf3 h6 5. Bd3 Qc7 6. 0-0 c4 7. Bc2 b5 8. b3 Bb7 9. Qe2 cxb3 10. axb3 d6 11. Bd2 Nd7 12. c4 a5 13. Na3 b4 14. Nb5 Qb8 15. Ra2 Be7 16. Rfa1 Bd8 17. e5 dxe5 18. Nxe5 Ngf6 19. Bf4 0-0 20. Ng6 e5 21. Nxf8 exf4 22. Nxd7 Nxd7 23. Qe8+ Nf8 24. Rxa5 Bxa5 25. Qxb8 Rxb8 26. Rxa5 Re8 27. Kf1 f3 28. gxf3 Bxf3 29. Nd6 Re6 30. Nf5 Be2+ 31. Kg2 g6 32. Ng3 f5 33. Re5 Rxe5 34. dxe5 Bg4 35. h3 f4 36. hxg4 fxg3 37. Kxg3 Kf7 38. f4 Ne6 39. Bxg6+ 1-0

[Event "Amsterdam Science Park op-A"]
[Site "Amsterdam"]
[Date "2015.07.12"]
[Round "2"]
[White "Hopman, Pieter"]
[Black "In't Veld, Daan"]
[Result "1/2-1/2"]
[WhiteElo "2390"]
[BlackElo "2194"]
[PlyCount "99"]
[EventDate "2015.07.11"]
[EventType "swiss"]
[EventRounds "9"]
[EventCountry "NED"]
[SourceTitle "CBM 167 Extra"]
[Source "ChessBase"]
[SourceDate "2015.09.14"]
[SourceVersion "1"]
[SourceVersionDate "2015.09.14"]
[SourceQuality "1"]

1. d4 f5 2. Nf3 Nf6 3. g3 g6 4. Bg2 Bg7 5. 0-0 0-0 6. c4 d6 7. b3 e6 8. Bb2 Qe7 9. Nbd2 Nc6 10. Re1 Ne4 11. Qc2 Nxd2 12. Qxd2 e5 13. e4 f4 14. d5 Nd8 15. c5 Nf7 16. Qc3 Ng5 17. Nxg5 Qxg5 18. Ba3 Rf6 19. cxd6 cxd6 20. Rac1 Qh5 21. f3 fxg3 22. hxg3 Bh3 23. Rf1 Bh6 24. Rce1 Raf8 25. Bc1 Bxc1 26. Rxc1 g5 27. g4 Qh4 28. Qe1 Qxe1 29. Rcxe1 Bxg2 30. Kxg2 Rc8 31. Rc1 Rff8 32. Kf2 Kg7 33. Ke3 Kg6 34. Rh1 Kg7 35. a4 Kg6 36. a5 Rfd8 37. a6 Rxc1 38. Rxc1 Rb8 39. Rc7 bxa6 40. Rxa7 Rxb3+ 41. Kf2 Rb6 42. Rc7 Rb8 43. Rd7 Rb6 44. Rc7 Rb8 45. Rc6 Rd8 46. Rxa6 h5 47. gxh5+ Kxh5 48. Kg3 Rd7 49. Ra8 Rf7 50. Rh8+ 1/2-1/2

[Event "Amsterdam Science Park op-A"]
[Site "Amsterdam"]
[Date "2014.07.12"]
[Round "8"]
[White "Vos, Tjark"]
[Black "In't Veld, Daan"]
[Result "1-0"]
[WhiteElo "2130"]
[BlackElo "2211"]
[PlyCount "75"]
[EventDate "2014.07.05"]
[EventType "swiss"]
[EventRounds "9"]
[EventCountry "NED"]
[SourceTitle "CBM 161 Extra"]
[Source "ChessBase"]
[SourceDate "2014.08.29"]
[SourceVersion "1"]
[SourceVersionDate "2014.08.29"]
[SourceQuality "1"]

1. e4 c5 2. Nf3 e6 3. d4 cxd4 4. Nxd4 Nf6 5. Nc3 d6 6. g4 h6 7. Rg1 Nc6 8. h4 d5 9. exd5 Nxd5 10. Nxd5 Qxd5 11. Bg2 Qc4 12. Nxc6 bxc6 13. Qf3 Bd7 14. Qe4 Bb4+ 15. Bd2 Bxd2+ 16. Kxd2 Qc5 17. Rad1 Qa5+ 18. c3 0-0 19. Kc2 Rfd8 20. Qb4 Qa6 21. Bf1 Qb6 22. Qxb6 axb6 23. Bg2 Be8 24. Rxd8 Rxd8 25. Rd1 Rxd1 26. Kxd1 g5 27. hxg5 hxg5 28. b4 b5 29. Kc2 Kf8 30. Kb3 Ke7 31. a4 bxa4+ 32. Kxa4 f5 33. Ka5 fxg4 34. Kb6 e5 35. Kc5 e4 36. Bxe4 Ke6 37. Bxc6 g3 38. fxg3 1-0

[Event "Amsterdam Science Park op-A 3rd"]
[Site "Amsterdam"]
[Date "2013.07.09"]
[Round "4"]
[White "In't Veld, Daan"]
[Black "Slisser, Theo"]
[Result "1-0"]
[WhiteElo "2232"]
[BlackElo "2080"]
[PlyCount "85"]
[EventDate "2013.07.06"]
[EventType "swiss"]
[EventRounds "9"]
[EventCountry "NED"]
[SourceTitle "CBM 155 Extra"]
[Source "ChessBase"]
[SourceDate "2013.08.26"]
[SourceVersion "1"]
[SourceVersionDate "2013.08.26"]
[SourceQuality "1"]

1. e4 c5 2. c3 g6 3. Nf3 Bg7 4. d4 cxd4 5. cxd4 d5 6. e5 Nc6 7. h3 f6 8. Bb5 Nh6 9. 0-0 0-0 10. Re1 fxe5 11. dxe5 e6 12. Nc3 Nf5 13. Na4 Nh4 14. Ng5 Nf5 15. Bxc6 bxc6 16. Qc2 Qa5 17. Bd2 Qb5 18. Nf3 Rb8 19. Rac1 c5 20. b3 Nd4 21. Nxd4 cxd4 22. Nc5 Rf5 23. Qd3 Qxd3 24. Nxd3 Bf8 25. Rc7 Ba6 26. Nf4 Bh6 27. Rxa7 Bb5 28. g3 Rc8 29. a4 Be8 30. Re7 Bf7 31. a5 Rc2 32. Ra1 Bf8 33. Rb7 Rxd2 34. a6 Bc5 35. b4 Be8 36. bxc5 Bc6 37. Rb8+ Rf8 38. a7 Ba8 39. Nxe6 Rdxf2 40. Rxf8+ Rxf8 41. Nxf8 Kxf8 42. Rb1 d3 43. Kf2 1-0

[Event "NED-chT 1213"]
[Site "Netherlands"]
[Date "2013.02.16"]
[Round "6.5"]
[White "In't Veld, Daan"]
[Black "Burg, Twan"]
[Result "1/2-1/2"]
[WhiteElo "2242"]
[BlackElo "2485"]
[PlyCount "75"]
[EventDate "2012.09.15"]
[EventType "team-tourn"]
[EventRounds "9"]
[EventCountry "NED"]
[SourceTitle "EXT 2014"]
[Source "ChessBase"]
[SourceDate "2013.11.20"]
[SourceVersion "1"]
[SourceVersionDate "2013.11.20"]
[SourceQuality "1"]
[WhiteTeam "Kennemer Combinatie"]
[BlackTeam "Calder HMC"]
[WhiteTeamCountry "NED"]
[BlackTeamCountry "NED"]

1. e4 c5 2. c3 b6 3. d4 Bb7 4. f3 e6 5. Be3 Nf6 6. Bd3 Nc6 7. Ne2 cxd4 8. cxd4 Nb4 9. Nbc3 Nxd3+ 10. Qxd3 d5 11. e5 Nd7 12. 0-0 Be7 13. f4 f5 14. exf6 Nxf6 15. f5 Qd7 16. fxe6 Qxe6 17. Nb5 Qd7 18. Rac1 Bc6 19. Rxc6 Qxc6 20. Rc1 Qd7 21. Nc7+ Kf7 22. Nxa8 Rxa8 23. Bf4 Rc8 24. Rxc8 Qxc8 25. Nc3 Bb4 26. Nb5 Qd7 27. a3 Be7 28. Nc3 Qe6 29. Be5 Bd6 30. Bxd6 Qxd6 31. Qf5 g6 32. Qf3 Qe6 33. h3 Qe1+ 34. Kh2 Qe6 35. Qf4 Qd7 36. Qe5 Qe7 37. Qf4 Qd7 38. Qe5 1/2-1/2

[Event "Vlissingen HZ op 16th"]
[Site "Vlissingen"]
[Date "2012.08.11"]
[Round "9"]
[White "Herbold, Manfred"]
[Black "In't Veld, Daan"]
[Result "1/2-1/2"]
[WhiteElo "2126"]
[BlackElo "2219"]
[PlyCount "89"]
[EventDate "2012.08.04"]
[EventType "swiss"]
[EventRounds "9"]
[EventCountry "NED"]
[SourceTitle "CBM 149 Extra"]
[Source "ChessBase"]
[SourceDate "2012.08.24"]
[SourceVersion "1"]
[SourceVersionDate "2012.08.24"]
[SourceQuality "1"]

1. e4 d6 2. d4 Nf6 3. Nc3 g6 4. f3 a6 5. Be3 b5 6. Qd2 Bg7 7. Bh6 0-0 8. h4 e5 9. Nge2 b4 10. Nd5 Bxh6 11. Qxh6 Nxd5 12. exd5 f6 13. 0-0-0 Rf7 14. dxe5 fxe5 15. h5 g5 16. Ng3 Rg7 17. Bd3 Kh8 18. Bg6 Qf8 19. Ne4 Qf4+ 20. Kb1 Nd7 21. g3 Qf8 22. Nxg5 Re7 23. Qxf8+ Nxf8 24. Bd3 Bb7 25. Bf5 Nd7 26. Bxd7 Rxd7 27. Rh4 a5 28. c4 bxc3 29. bxc3 Rg7 30. Ne4 Rf8 31. h6 Rg6 32. f4 exf4 33. gxf4 Rg2 34. c4 Ba6 35. Nd2 Rb8+ 36. Kc1 Bc8 37. Rhh1 Bf5 38. Rdg1 Rbg8 39. Rxg2 Rxg2 40. Re1 Kg8 41. Re7 Rg1+ 42. Kb2 Rg2 43. Kc1 Rg1+ 44. Kb2 Rg2 45. Kc1 1/2-1/2

[Event "Vlissingen HZ op 16th"]
[Site "Vlissingen"]
[Date "2012.08.07"]
[Round "5"]
[White "In't Veld, Daan"]
[Black "Ducarmon, Quinten"]
[Result "1/2-1/2"]
[WhiteElo "2219"]
[BlackElo "2407"]
[PlyCount "40"]
[EventDate "2012.08.04"]
[EventType "swiss"]
[EventRounds "9"]
[EventCountry "NED"]
[SourceTitle "CBM 149 Extra"]
[Source "ChessBase"]
[SourceDate "2012.08.24"]
[SourceVersion "1"]
[SourceVersionDate "2012.08.24"]
[SourceQuality "1"]

1. e4 c5 2. c3 d5 3. exd5 Qxd5 4. d4 g6 5. Nf3 Bg7 6. Na3 cxd4 7. Nb5 Na6 8. Nbxd4 Nf6 9. Bb5+ Bd7 10. Qe2 Bxb5 11. Qxb5+ Qxb5 12. Nxb5 0-0 13. Be3 b6 14. Bd4 Nd5 15. Bxg7 Kxg7 16. 0-0-0 e6 17. Kb1 Rfc8 18. Rd4 Nac7 19. Nxc7 Rxc7 20. c4 Nf6 1/2-1/2

[Event "Vlissingen HZ op 15th"]
[Site "Vlissingen"]
[Date "2011.08.05"]
[Round "8"]
[White "In't Veld, Daan"]
[Black "Hoffman, Ron"]
[Result "1/2-1/2"]
[WhiteElo "2224"]
[BlackElo "2106"]
[PlyCount "99"]
[EventDate "2011.07.30"]
[EventType "swiss"]
[EventRounds "9"]
[EventCountry "NED"]
[SourceTitle "CBM 143 Extra"]
[Source "ChessBase"]
[SourceDate "2011.08.29"]
[SourceVersion "1"]
[SourceVersionDate "2011.08.29"]
[SourceQuality "1"]

1. e4 c5 2. Nf3 Nc6 3. d4 cxd4 4. Nxd4 e5 5. Nb5 a6 6. Nd6+ Bxd6 7. Qxd6 Qf6 8. Qxf6 Nxf6 9. Nc3 Nb4 10. Kd2 d6 11. a3 Nc6 12. Bd3 Be6 13. f3 0-0-0 14. Ke2 d5 15. exd5 Nxd5 16. Nxd5 Nd4+ 17. Kf2 Bxd5 18. h4 Rhe8 19. Re1 h6 20. Bd2 Nc6 21. Rad1 Kc7 22. Bc3 f6 23. Bg6 Rf8 24. Bf5 Ne7 25. Bb4 Rfe8 26. Bd3 Nc6 27. Bg6 Rh8 28. Bc3 Ne7 29. Bd3 Nc6 30. Rh1 Be6 31. Rde1 Rhe8 32. g4 Bd5 33. Bg6 Rf8 34. Rhg1 Ne7 35. Bd3 Nc6 36. Rg3 Rh8 37. Bf5 Bc4 38. Be4 Bd5 39. Bd3 Be6 40. Kg2 Bd5 41. g5 hxg5 42. hxg5 Kd6 43. Rg1 Ke6 44. gxf6 gxf6 45. Kf2 Rh2+ 46. R1g2 Rdh8 47. Rxh2 Rxh2+ 48. Ke3 Ne7 49. f4 Nf5+ 50. Bxf5+ 1/2-1/2

[Event "Vlissingen HZ op 14th"]
[Site "Vlissingen"]
[Date "2010.08.13"]
[Round "8"]
[White "Kuipers, Stefan"]
[Black "In't Veld, Daan"]
[Result "1-0"]
[WhiteElo "2354"]
[BlackElo "2205"]
[PlyCount "71"]
[EventDate "2010.08.07"]
[EventType "swiss"]
[EventRounds "9"]
[EventCountry "NED"]
[SourceTitle "CBM 137 Extra"]
[Source "ChessBase"]
[SourceDate "2010.09.01"]
[SourceVersion "1"]
[SourceVersionDate "2010.09.01"]
[SourceQuality "1"]

1. e4 c5 2. Nf3 e6 3. d4 cxd4 4. Nxd4 a6 5. Bd3 Bc5 6. Nb3 Ba7 7. Qg4 Nf6 8. Qg3 d6 9. Nc3 Nc6 10. Bg5 h6 11. Bd2 Qe7 12. 0-0-0 Bd7 13. f4 0-0-0 14. Rhe1 g5 15. Nd5 exd5 16. exd5 gxf4 17. dxc6 fxg3 18. Rxe7 Bxc6 19. hxg3 Rhg8 20. Rxf7 Nd5 21. Na5 Bd7 22. Be4 Ne3 23. Bxb7+ Kc7 24. Re1 Rxg3 25. Nc6 Nxg2 26. Ba5+ Bb6 27. Ree7 Bxa5 28. Nxd8 Ne3 29. Rxd7+ Kb6 30. Rxd6+ Kb5 31. Bxa6+ Ka4 32. Rd4+ Bb4 33. c3 Rg2 34. Rxb4+ Ka5 35. Nc6+ Kxa6 36. Ra7# 1-0

[Event "Vlissingen HZ op 14th"]
[Site "Vlissingen"]
[Date "2010.08.07"]
[Round "1"]
[White "Snikkers, Naomi"]
[Black "In't Veld, Daan"]
[Result "0-1"]
[WhiteElo "1811"]
[BlackElo "2205"]
[PlyCount "118"]
[EventDate "2010.08.07"]
[EventType "swiss"]
[EventRounds "9"]
[EventCountry "NED"]
[SourceTitle "CBM 137 Extra"]
[Source "ChessBase"]
[SourceDate "2010.09.01"]
[SourceVersion "1"]
[SourceVersionDate "2010.09.01"]
[SourceQuality "1"]

1. c4 c5 2. Nc3 Nf6 3. g3 d5 4. cxd5 Nxd5 5. Bg2 Nc7 6. d3 e5 7. Nf3 Nc6 8. 0-0 Be7 9. b3 0-0 10. Bb2 Be6 11. Rc1 f6 12. Nd2 Qd7 13. Re1 Rac8 14. a3 b6 15. Rb1 Rfd8 16. Ba1 Bf8 17. Nde4 Na6 18. h4 Nd4 19. Na2 b5 20. Bc3 Qf7 21. Nd2 Rd7 22. Nc1 Nc6 23. Ne4 h6 24. Qc2 Bd5 25. Bh3 Be6 26. Bg2 Rdc7 27. Qd1 Nd4 28. Ba5 Rd7 29. Bc3 Nc7 30. Nd2 Nd5 31. Bb2 Qg6 32. Nf3 Nf4 33. Nxd4 exd4 34. e3 Nxg2 35. Kxg2 dxe3 36. Rxe3 Qf5 37. Qf1 c4 38. Ne2 Rxd3 39. Rxd3 cxd3 40. Nd4 Qd5+ 41. Kg1 Bf5 42. Nxf5 Qxf5 43. Rd1 Rc2 44. Bd4 Re2 45. b4 a6 46. Be3 Bd6 47. Qg2 Kh7 48. Kh2 Ra2 49. Qc6 Be5 50. Qg2 Qg4 51. Rxd3 Qxh4+ 52. Qh3 Bxg3+ 53. Kg2 Qe4+ 54. Kxg3 Qxd3 55. Qe6 Ra1 56. Kg2 Rd1 57. Kf3 Qd5+ 58. Qxd5 Rxd5 59. Kg2 Rd1 0-1

[Event "Vlissingen HZ op 13th"]
[Site "Vlissingen"]
[Date "2009.08.07"]
[Round "8"]
[White "In't Veld, Daan"]
[Black "Roobol, Martin"]
[Result "1/2-1/2"]
[WhiteElo "2173"]
[BlackElo "2342"]
[PlyCount "90"]
[EventDate "2009.08.01"]
[EventType "swiss"]
[EventRounds "9"]
[EventCountry "NED"]
[SourceTitle "CBM 131 Extra"]
[Source "ChessBase"]
[SourceDate "2009.09.03"]
[SourceVersion "2"]
[SourceVersionDate "2009.09.16"]
[SourceQuality "1"]

1. e4 g6 2. d4 Bg7 3. Nf3 d6 4. Nc3 a6 5. Be3 Nd7 6. Bd3 e6 7. Qd2 h6 8. 0-0 Ne7 9. Rfe1 Kf8 10. h3 Kg8 11. b4 b6 12. Ne2 Bb7 13. Rab1 b5 14. c3 Nb6 15. Qc2 Qd7 16. Nd2 Kh7 17. a3 f5 18. f3 Rhf8 19. Rf1 Rad8 20. Nb3 Ng8 21. Rbd1 Nf6 22. Bc1 Qc8 23. Ng3 Nfd7 24. exf5 exf5 25. Bxf5 gxf5 26. Nxf5 Rxf5 27. Qxf5+ Kh8 28. Rde1 Nf6 29. Qg6 Ng8 30. Re2 Bd5 31. Nd2 Qd7 32. Rfe1 Bf7 33. Qg4 Qxg4 34. hxg4 Na4 35. Ne4 Nxc3 36. Nxc3 Bxd4+ 37. Re3 c5 38. Kh2 Bxe3 39. Bxe3 c4 40. Kg3 Kh7 41. Bd4 d5 42. f4 Rd7 43. f5 Ne7 44. Kf4 Nc6 45. Rd1 Rd8 1/2-1/2